000 00266nam a22001097a 4500
008 160623b xxu||||| |||| 00| 0 eng d
100 _9633
_aBurns, J, A
245 _aThe Crucible
260 _aOneida
_bOneida Institute
_c1928
300 _aThe Crucible
942 _2ddc
_cBK
999 _c517
_d517